000 00345nam a2200133Ia 4500
008 240624s9999 xx 000 0 und d
041 _aeng
082 _a658.4 BIR
100 _aBIRD ANDY
245 _aINSPIRED LEADER HOW LEADERS CAN DISCOVER
260 _c2018
_aLondon
_bBLOOMSBURY PUBLISHING
300 _ax, 285 p.; 23 cm.
365 _c
_b25
999 _c32018
_d32018